000 00358nam a2200157Ia 4500
003 IT-RoPAU
008 120407s9999 xx 000 0 und d
040 _aIT-RoPAU
040 _cIT-RoPAU
245 _aRoma come chiesa locale. Un'esperienza di dialogo
260 _aDehoniane
300 _c cm
490 _v1
710 _aGruppo La Tenda
942 _cBK
999 _c2365
_d2365